00683cam a22003014i 4500003000900000005001700009008004100026035001900067040003300086082002200119100002800141245004200169264000500211336002100216337002500237338002300262526001000285526001000295526001000305526001000315526000800325526000800333526000800341526000800349526000800357526000800365526000800373PE-LiUPU20250731173246.0150625s r 000 0 d a(Sirsi) a35436 aPE-LiUPUbspacPE-LiUPUerda04a262.1309bE632211 aEno, Robert B.,eautor.14aThe rise the papacy /cRobert B. Eno. 1a atext2rdacontent aunmediated2rdamedia avolume2rdacarrier aSEG42 aSEG41 aSEG40 aSEG39 aP94 aP87 aP86 aP85 aP77 aP76 aP35